| 000 | 00518nam a22001577a 4500 | ||
|---|---|---|---|
| 003 | NUST | ||
| 038 | _aNusrat Nadeem | ||
| 082 | _a200 | ||
| 100 |
_aAamir, Maheem _9130689 |
||
| 245 |
_aThinking with Machines: A Cross- Disciplinary Study on Students Use of Generative AI/ _cMaheem Aamir, |
||
| 264 |
_aIslamabad: _bS3H NUST. _c2025. |
||
| 650 |
_aMS-Mass Communication _9114380 |
||
| 700 |
_aSupervisor: Dr. Muhammad Arif _9114381 |
||
| 856 | _uhttp://10.250.8.41:8080/xmlui/handle/123456789/55039 | ||
| 942 |
_2ddc _cSC |
||
| 999 |
_c614857 _d614857 |
||